Responses for show #7588 - Wednesday, September 13, 2017

Contestants

[<< previous game]

Jay Olman, a data analytics manager from Philadelphia, Pennsylvania

Jen Sosnowski, a high school science teacher from Roanoke, Virginia

Laura Kelsay, a hotel desk reception clerk from Grand Island, Nebraska (whose 2-day cash winnings total $42,300)

[next game >>]

Jeopardy! Round responses

"WILD" MOVIES
ARMY, NAVY, AIR FORCE OR MARINES
FOREIGN-SOUNDING TEXAS PLACES
CLOTHING THROUGH THE AGES
EAT IT!
PAIRS FAMOUS
(Alex: Each response is a famous pair, but you must give us the response in reverse order.)
    $200 1
Wild Wild West

Jay
    $200 22
the Army

Jen
    $200 13
Dublin

Jay
    $200 27
armor

Jen
    $200 8
Neapolitan

Jay
    $200 3
(Laura: What is Penn and Teller?)

Teller and Penn

LauraJay
    $400 2
The Wild Bunch

Triple Stumper
    $400 23
Marines

Jay
    $400 14
Colombia

Laura
    $400 19
a toga

Jay
    $400 9
oysters

Jay
    $400 4
paste and cut

Jay
    $600 24
(Laura: What is Wild Orchid?)
...
(Alex: Less than a minute now.)

Wild at Heart

Laura
Triple Stumper
    $1,000 28
[The end-of-round signal sounds.]

Air Force

Jen
    $600 15
Normandy

Jen
    $600 18
Charles Lindbergh

Laura
    $600 10
caprese

Laura
    $600 5
battery and assault

Jay
    $800 25
The River Wild

Laura
    $800 20
(Jay: What is Canaan?)

Palestine

Jay
Triple Stumper
    $800 16
a boa

Laura
    $800 11
aioli

Jay
    $800 6
vine and Hollywood

Laura
    $1000 26
Beasts of the Southern Wild

Triple Stumper
    $1000 21
(Laura: What is Genoa?)

Naples

Laura
Triple Stumper
    $1000 17
Hessians

Laura
    $1000 12
a chalupa

Triple Stumper
    $1000 7
Jerry and Ben

Jay

Scores at the first commercial break (after clue 15):

Laura Jen Jay
$1,600 $600 $4,000

Scores at the end of the Jeopardy! Round:

Laura Jen Jay
$3,200 $2,000 $4,000

Double Jeopardy! Round responses

PEOPLE IN POETRY
LESSER-KNOWN MUSEUMS
BROADWAY COMPOSERS
"L"
ORE
HIGH WATER
    $400 16
Mighty Casey

Jay
    $400 19
Tyrannosaurus rex

Jay
    $400 1
Phantom of the Opera

Laura
    $400 11
lobe

Laura
    $400 17
iron

Jen
    $400 7
Venice

Jen
    $800 18
Helen

Jay
    $800 20
radiology

Laura
    $800 2
(Frederick) Loewe

Laura
    $800 12
local anesthetic

Jay
    $800 30
lead

Jen
    $800 6
Amsterdam

Laura
    $2,000 24
(Alex: Laura?)
(Laura: No idea.)

Dante

Laura
    $1200 21
sausage

Laura
    $1200 3
(Laura: What is The Birdcage?)

La Cage aux Folles

LauraJen
    $1200 13
a lorikeet

Jen
    $1200 29
the crust

Laura
    $1200 8
migration

Jen
    $1600 25
(Alex: Less than a minute now.)

Michelangelo

Jen
    $1600 22
barbed wire

Laura
    $3,000 4
(Alex: Composer of the musical Oklahoma!)

(Richard) Rodgers

Jen
    $1600 14
leach

Laura
    $1600 28
cinnabar

Jen
    $1600 9
Pennsylvania

Laura
    $2000 26
Richard Cory

Jay
    $2000 23
cryptozoology

Laura
    $2000 5
Robert Lopez

Triple Stumper
    $2000 15
(Jen: What is lacksadaisical?)

lackadaisical

LauraJen
    $2000 27
lodestone

Jen
    $2000 10
La NiƱa

Jen

Scores at the end of the Double Jeopardy! Round:

Laura Jen Jay
$14,400 $15,400 $8,400

[wagering suggestions for these scores]

Final Jeopardy! Round responses

ANCIENT HISTORY
(Alex: [To Jay] Victories in Italy and death on the Black Sea.)
JayWho is Hannibal?
$3,601
LauraWho is Hannibal
$7,500
JenWho is Hannibal?
$13,401
Hannibal

Final scores:

Laura Jen Jay
$21,900 $28,801 $12,001
2nd place: $2,000 New champion: $28,801 3rd place: $1,000

Game dynamics:

Coryat scores:

Laura Jen Jay
$16,400 $13,600 $8,400
19 R,
5 W
(including 1 DD)
15 R
(including 2 DDs),
1 W
16 R,
1 W

Combined Coryat: $38,400

The J! Archive is created by fans, for fans. The Jeopardy! game show and all elements thereof, including but not limited to copyright and trademark thereto, are the property of Jeopardy Productions, Inc. and are protected under law. This website is not affiliated with, sponsored by, or operated by Jeopardy Productions, Inc. Join the discussion at JBoard.tv.